[Event "Millennium CG Exclusive - Tasc R30 V2.5"]
[Site "Wien"]
[Date "2021.09.09"]
[Round "95"]
[White "Millennium CG Exclusive"]
[Black "Tasc R30 V2.5, aktiv"]
[Result "0-1"]
[WhiteElo "2402"]
[BlackElo "2335"]
[PlyCount "82"]
[EventDate "2021.??.??"]

1. e4 e5 2. Nf3 Nc6 3. Bb5 a6 4. Ba4 Nf6 5. d3 d6 6. c3 g6 7. Nbd2 Bg7 8. Nf1
O-O 9. Bg5 h6 10. Bh4 {Buchende} b5 {Buchende} 11. Bb3 {Buchbewertung Genius
+0,43} g5 {Buchbewertung Tasc +0,22 / lt. Stockfish steht Weiss knapp besser
mit ca. +0,30} 12. Bg3 Na5 13. Bc2 Be6 14. Ne3 Qe7 15. O-O c5 16. d4 exd4 {
deutlich besser ist Sc4} 17. cxd4 Rfd8 {deutlich besser ist Sc4, Stockfish +2,
50 für Weiss mit der Fortsetzung d5.} 18. d5 Bc8 19. Nd2 $1 {die beste
Fortsetzung} h5 20. h3 c4 21. a4 Bd7 22. Qf3 {deutlich besser ist f4} h4 23.
Bh2 Nb7 {deutlich besser ist Sb3} 24. Nf5 {deutlich besser ist e5} Bxf5 25.
Qxf5 Nd7 26. Nf3 b4 $2 {Tasc +0,01, ein Megabock, der um 3,5 !!
Bauerneinheiten schlechter ist als Df6, Stockfish +4,50 für Weiss mit der
Fortsetzung Sxg5.} 27. Nxg5 {Genius +1,26} b3 {Tasc +0,10 sieht hier keine
Gefahr, lt. Stockfish ist die Partie bereits verloren für Schwarz (-5,00)} 28.
Bd1 {Genius +2,12 sieht sich schon klar im Vorteil.} Bxb2 {Tasc -0,25} 29. Bh5
{Genius +2,65} Nf8 {Tasc -1,23 / Stockfish -7,50} 30. Bxf7+ Kh8 31. Ne6 Bxa1 {
Tasc -0,24 ist hier viel zu optimistisch / Stockfish -7,50} 32. Rxa1 {Genius
+1,89} Nh7 {Tasc -0,09 sieht keine Gefahr / Stockfish -8,50 mit der
Fortsetzung e5} 33. Nxd8 $2 {ein Katastrophenzug, der um ganze 7 !!
Bauerneinheiten schlechter ist als e5, Stockfish +1,70 für Weiss.} Rxd8 34.
Be6 $2 {und der nächste Katastrophenzug, der die Partie jetzt sogar noch
verliert, Stockfish +5,00 für Schwarz mit der Fortsetzung Tf8, nötig war e5
mit doch noch klarem Vorteil für Weiss.} Rf8 $1 {Tasc +0,90} 35. Qg6 Qf6 36.
Qxf6+ Nxf6 37. e5 c3 38. Bf4 {Genius -2,04 / Stockfish -9,00} Ne4 39. Be3 dxe5
40. f3 Nec5 41. Bc1 b2 {Userentscheid 0-1} 0-1

[Event "Millennium CG Exclusive - Tasc R30 V2.5"]
[Site "Wien"]
[Date "2021.09.10"]
[Round "96"]
[White "Tasc R30 V2.5, aktiv"]
[Black "Millennium CG Exclusive"]
[Result "1-0"]
[WhiteElo "2335"]
[BlackElo "2402"]
[PlyCount "59"]
[EventDate "2021.??.??"]

1. e4 e5 2. Nc3 {Buchende} Bc5 3. Nf3 Nc6 4. Nxe5 {Buchzug / Buchende} Bxf2+ {
Buchende} 5. Kxf2 {Buchbewertung Tasc +0,98} Nxe5 {Buchbewertung Genius -0,50,
lt. Stockfish eine ganz schlechte Eröffnung von Schwarz, Bewertung +1,30 für
Weiss mit der Fortsetzung d4.} 6. d4 Ng6 7. Be2 Qh4+ {ein sinnloses
Schachgebot, das klarerweise mit g3 gekontert werden müsste, der Genius
erwartet hier Kg1 ??, viel besser ist d6} 8. Kg1 {der Tasc spielt tatsächlich
Kg1, aber auch hier steht Weiss noch klar besser mit ca. +1,00, deutlich
besser war aber g3, danach wäre Weiss bereits mit ca. +1,80 im Vorteil
gewesen.} d6 9. g3 Qh3 10. Nd5 Qd7 11. h4 N6e7 12. Nc3 Qe6 $2 {ein ganz
schlechter Zug nachdem Schwarz lt. Stockfish schon auf verlorenem Posten steht,
+2,50 für Weiss mit der Fortsetzung d5, nötig war h6 mit geringem Vorteil
für Weiss.} 13. d5 Qd7 14. h5 {besser ist Dd4} h6 15. Be3 Nf6 16. Bd4 Neg8 {
deutlich besser ist 0-0} 17. Qd2 c6 {eine weitere Ungenauigkeit, mehr
Widerstand leistet De7 ist aber auch nicht mehr gut, De7 wird von Stockfish
mit ca. +3,00 für Weiss bewertet, hier sieht er Df4 bereits mit +5,00 für
Weiss, die Stellung ist also bereits hoffnungslos verloren für Schwarz.} 18.
Rh4 Qe7 19. Re1 Bd7 {Genius -0,59, schätzt diese Stellung völlig falsch ein,
Stockfish +6,00 für Weiss mit der Fortsetzung Lf3.} 20. dxc6 {Tasc +2,15
bewertet die Stellung weit besser als der Genius, Stockfish +5,00} bxc6 21. e5
dxe5 22. Bxe5 {Schwarz hat hier keine Chance seine Entwicklung abzuschliessen,
diese Stellung ist absolut hoffnungslos, lt. Stockfish ist die beste
Fortsetzung noch Dxe5 bringt aber nichts mehr, Stockfish +6,30 für Weiss.} Be6
23. Rd4 Qc5 {weit besser ist Td8} 24. Bd6 Qg5 {Stockfish +8,00 für Weiss mit
der Fortsetzung Lf4} 25. Bf4 Qc5 26. b4 Qf8 27. Bc4 Qe7 28. Nb5 cxb5 29. Bxb5+
Kf8 30. Bd6 {Userentscheid: 1-0} 1-0

[Event "Millennium CG Exclusive - Tasc R30 V2.5"]
[Site "Wien"]
[Date "2021.09.10"]
[Round "97"]
[White "Millennium CG Exclusive"]
[Black "Tasc R30 V2.5, aktiv"]
[Result "1-0"]
[WhiteElo "2402"]
[BlackElo "2335"]
[PlyCount "163"]
[EventDate "2021.??.??"]

1. b4 c6 2. Bb2 a5 {Buchende} 3. b5 {Buchende} e5 {Buchbewertung Tasc -0,05} 4.
Bxe5 {Buchbewertung Genius +0,75 / lt. Stockfish steht Weiss besser mit ca. +0,
80} d5 {deutlich besser ist cxb5, Stockfish +1,40 für Weiss mit der
Fortsetzung e3} 5. e3 Bf5 6. Nf3 Nd7 7. bxc6 bxc6 8. Bc3 Qc7 9. Nh4 Be6 10. Qf3
Ngf6 11. Nf5 g6 12. Qg3 Qb6 13. Nd4 Ne4 14. Qf3 Bd6 {Tasc +0,06, deutlich
besser ist Sxc3, Stockfish +1,50 für Weiss mit der Fortsetzung Sxe6.} 15. Nxe6
{Genius +1,17} Nxc3 16. Ng7+ Kf8 17. Ne6+ Ke7 18. Nxc3 fxe6 19. Rb1 Qc7 20. Qh3
Rab8 21. Rb3 {ca. 1 Bauerneinheit schwächer als Txb8, Stockfish +0,50 für
Weiss mit der Fortsetzung Lb4} Bb4 22. Na4 {ein schwacher Zug, der den Spiess
umkehrt und Schwarz in Vorteil bringt, Stockfish +0,80 mit der Fortsetzung c5,
deutlich besser war Sd1.} c5 23. c4 {deutlich besser ist c3, Stockfish +1,50
für Schwarz mit der Fortsetzung Sf6.} Qc6 {deutlich schwächer als Sf6,
Stockfish +1,00 für Schwarz mit der Fortsetzung Sc3} 24. Qh4+ Nf6 25. Nb2 a4
$1 {die beste Fortsetzung Stockfish +2,00 für Schwarz.} 26. Rd3 Rhg8 27. a3 $2
{Genius verwirft im letzten Moment den klar besseren Zug Df4 und spielt diesen
Verlustzug, Stockfish +2,70 für Schwarz mit der Fortsetzung g5.} g5 28. Qg3 {
Genius hat keine Ahnung von dieser Stellung, Bewertung -0,23, nochmal um ganze
2 Bauerneinheiten schlechter als cxd5, Stockfish +5,00 für Schwarz mit der
Fortsetzungen La5} Ba5 {Tasc +2,05, hat hier die weit bessere Übersicht als
der Genius.} 29. cxd5 exd5 {um 3 Bauerneinheiten schlechter als Sxd5,
Stockfish +2,70 für Schwarz.} 30. Qe5+ Kf7 31. h4 g4 $1 {der beste Zug} 32.
Nd1 c4 33. Rc3 Bxc3 {deutlich schwächer als g3 (das bewertet Stockfish
bereits mit +4,70 für Schwarz), den Textzug sieht er um 2,50 Bauerneinheiten
schwächer, trotzdem steht Schwarz noch klar auf Gewinn mit +2,40 lt.
Stockfish.} 34. Nxc3 Rb3 35. Be2 Rxa3 $2 {das ist zu Materialgierig gespielt,
Stockfish +0,00 mit der Fortsetzung 0-0, nötig war Te8 mit klarem Vorteil
für Schwarz.} 36. O-O Rb3 37. Qd4 {Genius -0,32 sieht sich nur noch ganz
knapp im Nachteil.} Rd8 38. Bd1 {ein schwacher Zug der Schwarz klaren Vorteil
bringt, mit Db6 +1,70 lt. Stockfish} Rb4 {Tasc lässt die Chance liegen,
Stockfish nur noch +0,50 für Schwarz mit der Fortsetzung Lxg4} 39. Bxg4 a3 40.
Ra1 Qb6 41. Qxb6 $2 {ein grottenschlechter Zug, der die Partie hoffnungslos
verliert, Df4 und alles wäre im Lot für Weiss, Stockfish +2,00 für Schwarz.}
Rxb6 42. Be2 Rb2 43. Rxa3 Rxd2 44. Bf3 Rb8 {ein schwacher Zug, der Weiss die
Chance gibt in die Partie zurückzukehren, Stockfish nur noch +0,40 für
Schwarz mit der Fortsetzung Ta7+, deutlichen Vorteil versprach h5} 45. Ra7+ Ke6
46. g4 $1 {der richtige Zug, Stockfish 0,00} Rb3 47. g5 $1 {wieder die beste
Fortsetzung.} Rxc3 48. Ra6+ Ke5 49. gxf6 d4 50. f7 dxe3 {Tasc -2,64, sieht
hier einen Verlust mit der Fortsetzung Ta5+} 51. Ra5+ {Genius +2,98, sieht
einen möglichen Gewinn, in Wahrheit ist die Stellung Remis.} Ke6 52. Bd5+ {
Genius erkennt das Remis, 0,00} Rxd5 53. f8=Q Rc1+ 54. Kg2 Rxa5 55. Qh6+ Kd7
56. Qxh7+ Kc6 57. Qe4+ Rd5 58. Qxe3 Rcd1 59. h5 R1d3 $2 {Tasc +0,19, bringt
das Remis in Gefahr, nötig war Td8 und die Stellung ist im Lot, Stockfish +1,
30 für Weiss mit der Fortsetzung De8+} 60. Qe8+ Kb6 61. h6 Rd8 62. Qe6+ R3d6
63. Qe3+ Kc6 {ein ganz grober Fehler, der die Partie klar verliert, Stockfish
+5,30 für Weiss mit der Fortsetzung h7, nötig war Ka6 was Stockfish mit nur
+1,50 für Weiss bewertet.} 64. h7 {Genius +1,82} Rc8 {Tasc -1,66} 65. Qf4 Rdd8
66. Qxc4+ Kd6 67. Qe4 Rh8 68. f4 Rce8 69. Qg6+ Kc7 70. Qg7+ Kd6 71. f5 Ref8 72.
Kg3 Rc8 73. Kf4 Rcf8 74. f6 Kd5 75. Kf5 Rd8 76. f7 Kc5 77. Qg8 Kd6 78. Kf6 {
[%emt 0:00:13] Stockfish Matt in} Rf8 79. Kg7 Ke7 80. Kxh8 Rxf7 81. Qg7 Ke6 82.
Kg8 1-0

[Event "Millennium CG Exclusive - Tasc R30 V2.5"]
[Site "Wien"]
[Date "2021.09.11"]
[Round "98"]
[White "Tasc R30 V2.5, aktiv"]
[Black "Millennium CG Exclusive"]
[Result "1/2-1/2"]
[WhiteElo "2335"]
[BlackElo "2402"]
[PlyCount "128"]
[EventDate "2021.??.??"]

1. e4 c5 2. Nf3 g6 3. d4 cxd4 4. Qxd4 Nf6 5. Bb5 Nc6 6. Bxc6 dxc6 7. Qxd8+ Kxd8
8. Nc3 {Buchende} Bg7 {Buchende} 9. Bf4 {Buchbewertung Tasc +0,55} Ke8 {
Buchbewertung Genius +0,01 / lt. Stockfish ist die Stellung ca. gleich.,} 10.
h3 Nd7 11. O-O Bxc3 12. bxc3 b6 13. Rfe1 h6 14. Rad1 Bb7 15. c4 c5 16. Rd3 g5
17. Bh2 Rg8 18. Nd2 Nb8 19. Rd1 {ein schlechter Zug, der Schwarz klaren
Vorteil bringt, Stockfish +1,30 mit der Fortsetzung Sc6, nötig war Lxb8 und
die Stellung ist im Lot.} Nc6 20. c3 Na5 21. f4 g4 22. hxg4 Rxg4 23. Kf2 Ba6 {
verpasst klaren Vorteil mittels f5.} 24. Kf3 Rg8 25. f5 h5 26. Bf4 f6 27. Rd5
Nxc4 28. Nxc4 Bxc4 {die Stellung ist im Lot} 29. R5d2 Rg4 30. Rh1 Bf7 31. Rhd1
Rg8 32. Bc7 e6 33. Rd6 exf5 34. exf5 Bxa2 35. Re1+ Kf8 36. Rxf6+ Kg7 37. Be5
Bd5+ 38. Ke3 Rae8 {die Stellung ist immer noch im Lot, Stockfish 0,00} 39. Kd3
Kh7 40. c4 Rxe5 41. Rxe5 Rg3+ 42. Ke2 Bxc4+ {ein schlechter Zug, der Weiss
klaren Vorteil bringt, Stockfish +1,50 für Weiss mit der Fortsetzung Kf2,
nötig war Kg7 und die Stellung ist im Lot.} 43. Kf2 Rg7 44. Rd6 Ba2 {mehrere
kleinere Ungenauigkeiten summieren sich hier zu einer bereits klar verlorenen
Stellung für Schwarz, Stockfish +3,00 für Weiss mit der Fortsetzung Kf3} 45.
f6 {deutlich schwächer als Kf3, Stockfish +1,50 für Weiss} Rf7 46. Rxh5+ {
ein ganz schlechter Zug, den auf einen Schlag den kompletten Vorteil vergibt,
dieser war mit +2,00 zu haben mit der Fortsetzung g4, Stockfish +0,15 für
Weiss} Kg6 47. Rh4 Rxf6+ 48. Rxf6+ Kxf6 49. Ra4 Bd5 50. Rxa7 Ke5 51. Re7+ Kd4
52. g4 b5 53. g5 b4 54. Ke2 b3 55. Kd1 Kc3 56. Kc1 c4 {die Stellung ist Remis,
Stockfish +0,10 für Weiss.} 57. Kb1 Bg2 58. Re1 Bd5 59. g6 Kd2 60. Re5 Bf3 61.
Kb2 c3+ 62. Kxb3 c2 63. Rc5 c1=Q 64. Rxc1 Kxc1 1/2-1/2

[Event "Millennium CG Exclusive - Tasc R30 V2.5"]
[Site "Wien"]
[Date "2021.09.17"]
[Round "99"]
[White "Millennium CG Exclusive"]
[Black "Tasc R30 V2.5, aktiv"]
[Result "1-0"]
[WhiteElo "2402"]
[BlackElo "2335"]
[PlyCount "75"]
[EventDate "2021.??.??"]

1. c4 Nf6 2. Nc3 e5 3. Nf3 Nc6 4. g3 d5 5. cxd5 Nxd5 6. Bg2 Be6 7. O-O Nb6 8.
a3 {Buchende} a5 9. d3 Bd6 {Buchende} 10. d4 {Genius +1,00 / lt. Stockfish
steht Weiss besser mit ca. +0,70} exd4 {Buchbewertung Tasc -0,72} 11. Nxd4 Nxd4
12. Qxd4 O-O 13. Bxb7 c5 {ein schwacher Zug, der Weiss klaren Vorteil bringt,
Stockfish +1,50 mit der Fortsetzung De4, weit besser ist Tb8} 14. Qe4 Rb8 {
Tasc -0,38} 15. Rd1 {Genius +1,25} Qc7 16. Ba6 Bb3 17. Rxd6 Qxd6 18. Bf4 Qd4
19. Bxb8 Rxb8 20. Qc6 Qe5 21. e3 $2 {verspielt den gesamten Vorteil, hier
könnte Schwarz mittels Sa4 ausgleichen, weit besser ist Tc1 mit klarem
Vorteil für Weiss.} f5 {ein schlechter Zug, der Weiss bereits sehr deutlich
in Front bringt, Stockfish +2,50 mit der Fortsetzung Te1} 22. Rc1 {auch das
ist spielbar} Kh8 23. Bd3 Be6 24. Nd1 c4 25. Be2 Bd7 26. Qf3 Qb5 {Tasc -0,59
sieht hier noch keine Gefahr und bewertet diese Stellung viel zu optimistisch,
ein schlechter Zug, Stockfish sieht die Fortsetzung Df4 mit +3,50 für Weiss,
deutlich besser ist Le6.} 27. Qf4 {Genius +2,12, sieht sich bereits ganz klar
im Vorteil.} Rc8 28. Qd4 Be6 29. Nc3 Qc6 30. Qe5 a4 31. Rd1 Nd7 32. Qf4 Nc5 {
lt. Stockfish ist diese Stellung bereits hoffnungslos verloren für Schwarz,
+6,30 mit der Fortsetzung Lxc4 für Weiss.} 33. Bxc4 Ne4 34. Bxe6 Qxe6 35. Nxe4
Qxe4 36. Qxe4 fxe4 37. Rd4 Ra8 38. Rxe4 {angesichts von 3 Minusbauern, Rest
geschenkt.} 1-0

[Event "Millennium CG Exclusive - Tasc R30 V2.5"]
[Site "Wien"]
[Date "2021.09.20"]
[Round "100"]
[White "Tasc R30 V2.5, aktiv"]
[Black "Millennium CG Exclusive"]
[Result "0-1"]
[WhiteElo "2335"]
[BlackElo "2402"]
[PlyCount "206"]
[EventDate "2021.??.??"]

1. c4 Nf6 2. g3 {Buchende} g6 3. Bg2 {Buchbewertung Tasc +0,11} Bg7 4. d4 d5 5.
cxd5 Nxd5 6. Nf3 O-O 7. O-O Nc6 8. e4 Nb6 9. d5 Nb8 10. Nc3 c6 {Buchende, lt.
Stockfish steht Weiss klar besser mit ca. +1,00} 11. Bf4 cxd5 {Buchbewertung
Genius 0,00} 12. exd5 Bxc3 13. bxc3 Qxd5 {Trotz des Bauerngewinnes steht hier
Schwarz lt. Stockfish schon auf verlorenem Posten, +1,80 für Weiss mit der
Fortsetzung Sd4.} 14. Nd4 Qc5 15. Re1 e6 16. Nb3 {Tasc +1,45 / Stockfish +3,50}
Qxc3 {Genius -0,06, verkennt die Lage völlig, Stockfish +4,00 für Weiss mit
der Fortsetzung Lh6} 17. Rc1 {gleichwertig mit Lh6, Stockfish +3,30 für Weiss.
} Qf6 18. Be5 {deutlich besser ist Sc5, Stockfish noch +2,00 für Weiss} Qd8
19. Bd6 {deutlich besser ist Df3, so allmählich verspielt Weiss den Vorteil,
nur noch +0,70 lt. Stockfish} Re8 20. Na5 Nd5 21. Bxd5 Qxa5 {ein schwacher Zug,
der Weiss wieder klar in Vorteil bringt, Stockfish +1,30 für Weiss, nach exd5
wäre die Stellung im Lot.} 22. Re3 {deutlich besser ist Df3, Stockfish 0,00}
Nc6 23. Bg2 Qxa2 24. Ra3 Qb2 25. Rb3 Qd4 26. Rd3 {Trotz mittlerweile 3
Mehrbauern steht Schwarz lt. Stockfish nur hauchdünn besser mit +0,25.} Qb6 {
Genius sieht sich klar im Vorteil mit +1,39 / Stockfish 0,00} 27. Rb1 {Tasc 0,
00, ein schwacher Zug, der Schwarz in Vorteil bringt, Stockfish +1,00 für der
Fortsetzung Da5,deutlich besser war h4} Qa5 28. Ra1 {deutlich besser ist Tc1,
Stockfish +1,50 für Schwarz} Qf5 29. f4 Rd8 30. Rb1 Rd7 31. g4 Qf6 {besser
ist Da5, Stockfish nur noch +0,30 für Schwarz mit der Fortsetzung Dd2} 32. Qa4
{etwas schwächer als Dd2.} Qd8 33. Rbd1 Qb6+ 34. Kf1 {ein ganz schlechter Zug,
der Schwarz klaren Vorteil bringt, nach Kh1 wäre die Stellung im Lot,
Stockfish +1,50 für Schwarz mit der Fortsetzung a5} a5 35. g5 {deutlich
besser ist h4. Stockfish +2,00 für Schwarz mit der Fortsetzung e5.} Rd8 {
wirft den gesamten Vorteil über Bord, hier könnte Weiss mit Lc7 ausgleichen,
Stockfish 0,00} 36. Be4 $2 {ein grottenschlechter Zug, der die Remischance
auslässt und sofort verliert, Stockfish +4,50 für Schwarz mit der
Fortsetzung e5} Bd7 {auch spielbar mit klarem Vorteil für Schwarz, Stockfish
+3,70} 37. Qc4 Be8 38. Qc3 Qb5 39. Kg1 Rd7 40. R3d2 Rad8 41. Bf3 {deutlich
besser ist Lxc6} Qf5 {stärker ist a4} 42. Bg2 {besser ist Lxc6} a4 43. Qa3 $2
{ein ganz schlechter Zug, der die Partie schon klar verliert, Stockfish +6,60
für Schwarz mit der Fortsetzung Sa5, weit mehr Widerstand bot Lxc6} Na7 {
nicht der beste Zug, reicht aber völlig aus zum Gewinn, Stockfish +5,30 für
Schwarz.} 44. Bh3 Qa5 45. Bf1 Nc8 46. Bb4 Qf5 47. Qc1 Rxd2 48. Rxd2 Rxd2 49.
Qxd2 Qd5 50. Qxd5 {noch der beste Zug lt. Stockfish obwohl man nach dem
Damentausch keine Chance mehr für Weiss sieht angesichts von 3 Minusbauern.}
exd5 51. Kf2 b6 52. Ke3 Na7 53. Bd6 Bb5 54. Bh3 Bc6 55. Bf1 Bd7 {ein
schlechter Zug, klar den Vorzug verdiente f5, Stockfish +1,70 für Schwarz, f5
hätte er mit ca. +4,00 gesehen.} 56. Be2 {deutlich stärker ist Kd4,
Stockfish +3,50 für Schwarz mit der Fortsetzung Lb5} Bb5 57. Bg4 Nc6 58. Bd7
d4+ 59. Kd2 Na7 60. Bg4 Be8 {viel besser ist Lc4} 61. Be2 Bd7 62. Ba6 Bb5 63.
Bb7 Bc4 64. Be5 a3 {deutlich schwächer als Sb5} 65. Bxd4 Nb5 66. Be5 a2 67.
Kc2 Nc7 68. Kb2 Ne6 69. Bg2 b5 70. Bd6 h6 71. gxh6 Kh7 72. f5 {um 2
Bauerneinheiten schlechter als Lf3, Stockfish +5,50 für Schwarz.} gxf5 73. Bh3
Kxh6 74. Bxf5 {diese Stellung ist schon hoffnungslos für Weiss, Stockfish +9,
00 für Schwarz.} Nd4 75. Bf4+ Kh5 76. Bh7 f5 77. Be5 Nf3 78. Bd6 Kg5 79. Be7+
Kf4 80. h4 Ne1 81. Bf6 b4 {[%emt 0:00:17] Stockfish Matt in} 82. Bg6 Nd3+ 83.
Ka1 Kg4 84. h5 b3 85. Be8 Ne1 86. Kb2 f4 87. h6 Nc2 88. Kc1 Bd3 89. Bb5 Bh7 90.
Bc4 f3 91. Bxb3 f2 92. Bc4 Kh3 93. Bf1+ Kh2 94. Kd2 a1=R 95. Bxa1 Kg1 96. Be2
Nxa1 97. Kc3 Nc2 98. Kc4 Ne1 99. Kb3 Nd3 100. Kc3 Nf4 101. Bc4 Nd3 102. Bxd3
Bxd3 103. Kxd3 f1=Q+ 0-1